<?xml version="1.0" encoding="UTF-8"?>
<record
    xmlns:xsi="http://www.w3.org/2001/XMLSchema-instance"
    xsi:schemaLocation="http://www.loc.gov/MARC21/slim http://www.loc.gov/standards/marcxml/schema/MARC21slim.xsd"
    xmlns="http://www.loc.gov/MARC21/slim">

  <leader>01399nam0a22003371  4500</leader>
  <controlfield tag="001">rc\3145270</controlfield>
  <controlfield tag="005">20250530083259.0</controlfield>
  <datafield tag="021" ind1=" " ind2=" ">
    <subfield code="a">RU</subfield>
    <subfield code="b">[75-67787]</subfield>
  </datafield>
  <datafield tag="035" ind1=" " ind2=" ">
    <subfield code="a">(NLR Aleph) 007319926</subfield>
  </datafield>
  <datafield tag="090" ind1=" " ind2=" ">
    <subfield code="a">5898941</subfield>
    <subfield code="c">5898941</subfield>
  </datafield>
  <datafield tag="100" ind1=" " ind2=" ">
    <subfield code="a">20120615d1975    |||y0rusy50      ca</subfield>
  </datafield>
  <datafield tag="101" ind1="1" ind2=" ">
    <subfield code="a">rus</subfield>
    <subfield code="c">eng</subfield>
  </datafield>
  <datafield tag="102" ind1=" " ind2=" ">
    <subfield code="a">RU</subfield>
  </datafield>
  <datafield tag="105" ind1=" " ind2=" ">
    <subfield code="a">a   z   |||||</subfield>
  </datafield>
  <datafield tag="200" ind1="1" ind2=" ">
    <subfield code="a">&#x41D;&#x435;&#x443;&#x43B;&#x43E;&#x432;&#x438;&#x43C;&#x44B;&#x435; &#x43C;&#x433;&#x43D;&#x43E;&#x432;&#x435;&#x43D;&#x438;&#x44F;</subfield>
    <subfield code="e">[&#x421;&#x43E;&#x43A;&#x440;. &#x43F;&#x435;&#x440;. &#x441; &#x430;&#x43D;&#x433;&#x43B;.</subfield>
    <subfield code="f">&#x41B;&#x438;&#x442;. &#x437;&#x430;&#x43F;&#x438;&#x441;&#x44C; &#x410;. &#x422;&#x440;&#x435;&#x43D;&#x433;&#x43E;&#x432;&#x430;</subfield>
    <subfield code="g">&#x41F;&#x43E;&#x441;&#x43B;&#x435;&#x441;&#x43B;. &#x43C;&#x430;&#x441;&#x442;&#x435;&#x440;&#x430; &#x441;&#x43F;&#x43E;&#x440;&#x442;&#x430;, &#x43A;&#x430;&#x43D;&#x434;. &#x43F;&#x435;&#x434;. &#x43D;&#x430;&#x443;&#x43A; &#x410;.&#x41D;. &#x41C;&#x430;&#x43A;&#x430;&#x440;&#x43E;&#x432;&#x430;]</subfield>
  </datafield>
  <datafield tag="210" ind1=" " ind2=" ">
    <subfield code="a">&#x41C;&#x43E;&#x441;&#x43A;&#x432;&#x430;</subfield>
    <subfield code="c">[&#x424;&#x438;&#x437;&#x43A;&#x443;&#x43B;&#x44C;&#x442;&#x443;&#x440;&#x430; &#x438; &#x441;&#x43F;&#x43E;&#x440;&#x442;]</subfield>
    <subfield code="d">1975</subfield>
  </datafield>
  <datafield tag="215" ind1=" " ind2=" ">
    <subfield code="a">191 &#x441;., 8 &#x43B;. &#x438;&#x43B;.</subfield>
    <subfield code="d">20</subfield>
  </datafield>
  <datafield tag="225" ind1="1" ind2=" ">
    <subfield code="a">&#x417;&#x432;&#x435;&#x437;&#x434;&#x44B; &#x437;&#x430;&#x440;&#x443;&#x431;&#x435;&#x436;&#x43D;&#x43E;&#x433;&#x43E; &#x441;&#x43F;&#x43E;&#x440;&#x442;&#x430;</subfield>
  </datafield>
  <datafield tag="300" ind1=" " ind2=" ">
    <subfield code="a">&#x414;&#x43E;&#x43F;. &#x442;&#x438;&#x442;. &#x43B;.: Ron Clarke. The unforgiving minute</subfield>
  </datafield>
  <datafield tag="513" ind1="0" ind2=" ">
    <subfield code="a">The unforgiving minute</subfield>
  </datafield>
  <datafield tag="606" ind1=" " ind2=" ">
    <subfield code="a">&#x411;&#x435;&#x433; &#x43D;&#x430; &#x434;&#x43B;&#x438;&#x43D;&#x43D;&#x44B;&#x435; &#x434;&#x438;&#x441;&#x442;&#x430;&#x43D;&#x446;&#x438;&#x438;</subfield>
    <subfield code="2">psbo</subfield>
  </datafield>
  <datafield tag="606" ind1=" " ind2=" ">
    <subfield code="a">&#x41B;&#x435;&#x433;&#x43A;&#x430;&#x44F; &#x430;&#x442;&#x43B;&#x435;&#x442;&#x438;&#x43A;&#x430;</subfield>
    <subfield code="y">&#x410;&#x432;&#x441;&#x442;&#x440;&#x430;&#x43B;&#x438;&#x44F;</subfield>
    <subfield code="2">psbo</subfield>
  </datafield>
  <datafield tag="700" ind1=" " ind2="1">
    <subfield code="a">&#x41A;&#x43B;&#x430;&#x440;&#x43A;</subfield>
    <subfield code="b">&#x420;.</subfield>
    <subfield code="f">1937-</subfield>
    <subfield code="g">&#x420;&#x43E;&#x43D;</subfield>
  </datafield>
  <datafield tag="702" ind1=" " ind2="1">
    <subfield code="a">&#x422;&#x440;&#x435;&#x43D;&#x433;&#x43E;&#x432;</subfield>
    <subfield code="b">&#x410;.</subfield>
    <subfield code="4">570</subfield>
  </datafield>
  <datafield tag="702" ind1=" " ind2="1">
    <subfield code="4">080</subfield>
    <subfield code="7">ca</subfield>
    <subfield code="8">rus</subfield>
    <subfield code="a">&#x41C;&#x430;&#x43A;&#x430;&#x440;&#x43E;&#x432;</subfield>
    <subfield code="b">&#x410;. &#x41D;.</subfield>
    <subfield code="c">&#x434;-&#x440; &#x43F;&#x435;&#x434;. &#x43D;&#x430;&#x443;&#x43A;, &#x43B;&#x435;&#x433;&#x43A;&#x430;&#x44F; &#x430;&#x442;&#x43B;&#x435;&#x442;&#x438;&#x43A;&#x430;</subfield>
    <subfield code="g">&#x410;&#x43B;&#x435;&#x43A;&#x441;&#x430;&#x43D;&#x434;&#x440; &#x41D;&#x438;&#x43A;&#x43E;&#x43B;&#x430;&#x435;&#x432;&#x438;&#x447;</subfield>
    <subfield code="9">203155</subfield>
    <subfield code="3">RU\NLR\AUTH\770203206</subfield>
  </datafield>
  <datafield tag="801" ind1=" " ind2="0">
    <subfield code="a">RU</subfield>
    <subfield code="b">NLR</subfield>
    <subfield code="g">psbo</subfield>
  </datafield>
  <datafield tag="801" ind1=" " ind2="1">
    <subfield code="a">RU</subfield>
    <subfield code="b">ELAR</subfield>
    <subfield code="2">rusmarc</subfield>
  </datafield>
  <datafield tag="852" ind1=" " ind2=" ">
    <subfield code="a">NLR</subfield>
    <subfield code="j">75-3/5529</subfield>
  </datafield>
  <datafield tag="942" ind1=" " ind2=" ">
    <subfield code="c">BOOK</subfield>
  </datafield>
  <datafield tag="980" ind1=" " ind2=" ">
    <subfield code="a">NB</subfield>
  </datafield>
  <datafield tag="995" ind1=" " ind2=" ">
    <subfield code="5">2013-10-26</subfield>
    <subfield code="b">NLR01</subfield>
    <subfield code="c">NLR01</subfield>
    <subfield code="e">RF91</subfield>
    <subfield code="f">7319926-10</subfield>
    <subfield code="k">75-3/5529</subfield>
    <subfield code="o">0</subfield>
    <subfield code="r">BOOK</subfield>
    <subfield code="s">7535529_</subfield>
  </datafield>
</record>
